Pratica giornaliera del piloto in altura : o sia Metodo breve e facile di tener conto del cammino di un Naviglio in alto Mare, Con le Tavole necessarie alla pratica della Navigazione.

Saved in:
Bibliographic Details
Main Author: Edgecombe, Thomas
Other Authors: Gaspar, Weis (Editor)
Format: Book
Language:Italian
Published: In Trieste : Dalla Stamperia di Gaspero Weis, 1804.
Edition:4η εκδ.
Subjects:
Online Access:http://hdl.handle.net/11610/16891
Tags: Add Tag
No Tags, Be the first to tag this record!

MARC

LEADER 00000cam a2200000 a 4500
001 1/108790
008 150921s1804####it | ||| |||| ||ita||
040 |a GR-MyUa  |b gre  |c GR-MyUa  |e AACR2 
041 0 |a ita 
082 7 |a 359.07   |2 (23)  
100 1 |a Edgecombe, Thomas. 
245 1 0 |a Pratica giornaliera del piloto in altura :   |b o sia Metodo breve e facile di tener conto del cammino di un Naviglio in alto Mare, Con le Tavole necessarie alla pratica della Navigazione. 
250 |a 4η εκδ.  
260 |a In Trieste :   |b Dalla Stamperia di Gaspero Weis,   |c 1804.  
300 |a 202 σ. :   |b πιν. ;   |c 29 εκ.  
500 |a Στη σ.τ. σφραγίδα "Πορφυριάς Αστική Σχολή Καρλοβασίων" με αρ. 396, καθώς και πολλές ιδιόχειρες σημειώσεις.  
500 |a Υπάρχει ψηφιακό αντίγραφο.  
650 0 |a Navigation. 
700 1 |a Gaspar, Weis,  |e edt 
852 |a INST  |b SAMOS  |c PORFYRIADA  |e 20150921  |h 359.07 EDG  |p 005300042793  |q 005300042793  |t NOLOAN  |y 23 
856 |u http://hdl.handle.net/11610/16891 
970 |a Κοσιέρης  |b Χρήστος  |z 21/09/2015